000 01254nam a2200289 a 4500
999 _c1958
_d1958
001 1958
003 BD-JhCC
005 20171026195228.0
008 171026s2005 maua b 001 0 eng d
020 _a1591396336
020 _a9781591396338
035 _a(BD-JhCC)1958
040 _aDLC
_cDLC
_dDLC
_dBD-JhCC
041 _aeng
082 0 0 _a650.11
_222
_bTIM 2005
245 0 0 _aTime management :
_bIncrease your personal productivity and effectiveness /
260 _aBoston, Mass. :
_bHarvard Business School Press,
_cc2005.
300 _axx, 152 p. ;
_c24 cm.
490 1 _aHarvard business essentials
504 _aIncludes bibliographical references (p. 141-145) and index.
505 0 _aUse goals as a guide : your compass to personal effectiveness -- How you spend your time : where does it go? -- Scheduling your time : start with your priorities -- Time robbers : how to defeat them -- Delegation : gaining time for you -- The time-wasting boss : how to cope -- The personal side of time : mastering work-life balance -- What companies can do to help : ideas for improving employee time management.
650 0 _aTime management.
650 0 _aScheduling.
710 2 _aHarvard Business School.
942 _2ddc
_cBK